[Event "Jesenik op-B"]
[Site "Jesenik"]
[Date "2023.08.24"]
[Round "6"]
[White "Janecek, Miroslav1111"]
[Black "Vrana, Rostislav"]
[Result "1-0"]
[WhiteElo "1789"]
[BlackElo "1632"]
[PlyCount "103"]
[EventDate "2023.08.19"]
[EventType "swiss"]
[EventRounds "9"]
[EventCountry "CZE"]
[SourceTitle "EXT 2024"]
[Source "ChessBase"]
[SourceDate "2023.10.10"]
[SourceVersion "1"]
[SourceVersionDate "2023.10.10"]
[SourceQuality "1"]

1. e4 e6 2. d4 d5 3. e5 c5 4. c3 Nc6 5. Nf3 Qb6 6. a3 Nge7 7. Bd3 Bd7 8. Bc2 Ng6 9. b4 cxd4 10. cxd4 Be7 11. 0-0 0-0 12. Be3 Rfc8 13. h4 a5 14. h5 Nf8 15. bxa5 Nxa5 16. h6 g6 17. Bg5 Qd8 18. Bxe7 Qxe7 19. Bd3 Nc4 20. Bxc4 Rxc4 21. Qd3 Bc6 22. Ra2 Nd7 23. Rc2 Rxc2 24. Qxc2 Nb6 25. Qb3 Nc4 26. Qb4 Qf8 27. Qxf8+ Kxf8 28. Ng5 Kg8 29. Rd1 Nxa3 30. Nc3 Nc2 31. Rd3 b5 32. Rf3 Ra7 33. Ne2 b4 34. Kh2 Bb5 35. Nc1 Bc4 36. Nb3 Ne1 37. Re3 Ra3 38. Nc5 Rxe3 39. Nd7 Rf3 40. gxf3 Nxf3+ 41. Nxf3 b3 42. Nd2 b2 43. f4 f5 44. Nc5 Ba2 45. Nxe6 b1Q 46. Nxb1 Bxb1 47. Kg3 Bd3 48. Ng5 Bb5 49. Kf2 Be8 50. Ke3 Kf8 51. Nxh7+ Kf7 52. Ng5+ 1-0